Miasta partnerskie Warszawy - Statystyki

Ogólne statystyki
  • Ten quiz został rozwiązany 9 razy
  • Średni wynik to 20 z 25
Statystyki odpowiedzi
Start
Współpracy
Kraj Miasto % Poprawnych
1991 Niemcy Berlin
100%
2000 Wietnam Hanoi
100%
1994 Ukraina Kijów
100%
2006 Norwegia Oslo
100%
1999 Francja Paryż
100%
2002 Łotwa Ryga
100%
1996 Korea Płd. Seul
100%
1991 Turcja Stambuł
100%
1990 Kanada Toronto
100%
2001 Austria Wiedeń
100%
1998 Litwa Wilno
100%
2011 Chorwacja Zagrzeb
100%
2002 Kazachstan Astana
83%
2005 Węgry Budapeszt
83%
2011 Ukraina Charków
83%
1995 USA Chicago
83%
2010 Ukraina Odessa
83%
1995 Tajwan Tajpej
83%
2010 Gruzja Tbilisi
83%
1992 Izrael Tel Awiw-Jafa
83%
1997 Brazylia Rio de Janeiro
67%
1989 Niemcy Düsseldorf
33%
1990 Japonia Hamamatsu
0%
1993 Chiny Harbin
0%
1990 Francja Île-de-France
0%
Nie znaleziono quizów pasujących do podanych kryteriów
Rozkład punktacji
Procent ludzi z każdym wynikiem
Percentyl według liczby udzielonych odpowiedzi
Twoja historia wyników
Nie rozwiązałeś tego quizu